Дело о доставлении статей о театре прежде напечатания их в "Полицейской газете" на цензуру в третье отделение Собственной его ве...

Доступно только в Электронных читальных залах Найти на картеНа карте
RUSMARC
00004409nmc2a22000003x 450
001e087dbf2-c7d8-412a-b31f-f5e53ce4a9a8
00520181228104713.0
100##$a20170704l18481848k l0rusy0189 ca
1010#$arus
102##$aRU
2001#$aДело о доставлении статей о театре прежде напечатания их в "Полицейской газете" на цензуру в третье отделение Собственной его величества Канцелярии
$j11 февраля - 25 мая 1848 г.
251##$cДело
300##$aПо Московской дирекции за 1848 год
300##$aОриг. заголовок дела: Дело о сношении с московским обер-полицеймейстером, чтобы статьи о театре для полицейской газеты печатались не иначе, как после одобрения их в третьем отделении Собственной его императорского величества канцелярии. 11 февраля 1848 г. - 25 мая 1848 г
801#0$aRU
$bРГИА
$c20170704
$gRCR
801#1$aRU
$bГлавНИВЦ
$c20170704
$2rusmarc
801#2$aRU
$bПБ им. Б.Н. Ельцина
$c20181228
$gRCR
$2rusmarc
850##$aРГИА
852##$aРГИА
$eФедеральное казенное учреждение "Российский государственный исторический архив" (РГИА)
$j11942
937##$hРГИА
$d12247980
$aASBIBLIO_SCAN
462#0$1001dd3991dc-24e1-42ec-8838-ca4255420416
$12001
$aДирекция императорских театров (1746-1850 гг.)
$1251
$cОпись
$1852
$j1
461#0$10019264ebf8-de62-4f1a-9eb4-9f22098dbbd5
$12001
$aДирекция императорских театров Министерства императорского двора
$1251
$cФонд
$1852
$j497
215##$a10 л.
$d36,5х26 см
371##$aДокумент не является опубликованным и широко распространяемым
105##$ay###
1222#$ad
5171#$aДело о сношении с московским обер-полицеймейстером, чтобы статьи о театре для полицейской газеты печатались не иначе, как после одобрения их в третьем отделении Собственной его императорского величества канцелярии. 11 февраля 1848 г. - 25 мая 1848 г
035##$ae087dbf2-c7d8-412a-b31f-f5e53ce4a9a8
856##$uhttp://readingroom.main.prlib.ru/item.aspx?id_node=n122628643&mode=full
Формат отображения